| 000 | 00608nam a2200181Ia 4500 | ||
|---|---|---|---|
| 008 | 090123s9999 xx 000 0 und d | ||
| 082 | _b41422 | ||
| 100 | _aमुजावर इसाक | ||
| 245 | _aडॉनच्या फिल्मी बायका | ||
| 250 | _a1 | ||
| 260 |
_bअनघा प्रकाशन _c2007 |
||
| 300 | _a94 | ||
| 600 | _aमुजावर इसाक | ||
| 630 | _aडॉनच्या फिल्मी बायका | ||
| 700 | _aमुजावर इसाक | ||
| 730 | _aडॉनच्या फिल्मी बायका | ||
| 942 | _cBOOK | ||
| 999 |
_c79497 _d79497 |
||